07福島県の市町村 - Statistics

General Stats
  • This quiz has been taken 135 times
    131 since last reset
  • The average score is 25 of 59
Answer Stats
Answer % Correct
郡山市
97%
いわき市
97%
福島市
96%
会津若松市
95%
南相馬市
80%
相馬市
79%
白河市
77%
喜多方市
77%
二本松市
73%
須賀川市
72%
伊達市
72%
田村市
61%
本宮市
61%
双葉郡双葉町
49%
双葉郡大熊町
45%
双葉郡浪江町
45%
双葉郡富岡町
44%
双葉郡楢葉町
43%
双葉郡広野町
41%
伊達郡桑折町
39%
伊達郡国見町
39%
南会津郡只見町
39%
南会津郡南会津町
39%
西白河郡西郷村
37%
田村郡三春町
37%
南会津郡下郷町
35%
南会津郡檜枝岐村
35%
相馬郡新地町
35%
相馬郡飯舘村
35%
伊達郡川俣町
33%
双葉郡川内村
33%
耶麻郡猪苗代町
32%
東白川郡矢祭町
32%
石川郡石川町
32%
田村郡小野町
32%
双葉郡葛尾村
32%
東白川郡塙町
31%
耶麻郡北塩原村
29%
耶麻郡磐梯町
29%
西白河郡矢吹町
29%
安達郡大玉村
28%
岩瀬郡鏡石町
28%
河沼郡会津坂下町
28%
西白河郡泉崎村
28%
東白川郡棚倉町
27%
河沼郡柳津町
25%
大沼郡会津美里町
25%
東白川郡鮫川村
25%
河沼郡湯川村
24%
大沼郡昭和村
24%
石川郡玉川村
24%
岩瀬郡天栄村
23%
耶麻郡西会津町
23%
大沼郡三島町
23%
大沼郡金山町
23%
西白河郡中島村
23%
石川郡平田村
23%
石川郡浅川町
23%
石川郡古殿町
20%
No matching quizzes found
Score Distribution
Percent of People with Each Score
Percentile by Number Answered
Your Score History
You have not taken this quiz since the last reset